000
00276nam a2200109Ia 4500
008
230907s9999||||xx |||||||||||||| ||und||
082
_a
621.31
_b
WIN
245
0
_a
Wind resource assessment :
260
_a
Wiley,
_b
Hoboken, N.J. :
_c
2012
300
_a
xvi, 280 p. :
942
_c
BK
999
_c
601187
_d
601187